00519nam a2200181Ia 450000500170000000800410001702000140005808200130007210000160008524500370010126000390013830000130017765000140019065000170020494200060022195200950022799900150032220250617020100.0240331s9999 xx 000 0 und d a955553523 bRATa307 aRatnapala,N 0aSamaja vidyawa ha manawa vidyawa aWarakapolabAryan Publishersc2007 a374 p ., aSociology aAnthropology cL 001040708LaWERCLbWERCLcSSCd2024-03-31l0o 307 RATp6176r2024-03-31w2024-03-31yL c5232d5232